Slashing utility cost handbook (Record no. 6909)
[ view plain ]
| 000 -LEADER | |
|---|---|
| fixed length control field | 00366nam a2200157 4500 |
| 005 - DATE AND TIME OF LATEST TRANSACTION | |
| control field | 20250710173114.0 |
| 008 - FIXED-LENGTH DATA ELEMENTS--GENERAL INFORMATION | |
| fixed length control field | cu123 |
| 020 ## - INTERNATIONAL STANDARD BOOK NUMBER | |
| International Standard Book Number | 0139601880 |
| 050 ## - LIBRARY OF CONGRESS CALL NUMBER | |
| Classification number | HD9685.U5S7 STU |
| Item number | 1 |
| 100 ## - MAIN ENTRY--PERSONAL NAME | |
| Personal name | STUDEBAKER,M.John |
| 245 ## - TITLE STATEMENT | |
| Title | Slashing utility cost handbook |
| 250 ## - EDITION STATEMENT | |
| Edition statement | 2nd |
| 260 ## - PUBLICATION, DISTRIBUTION, ETC. | |
| Place of publication, distribution, etc. | Fairmont Press |
| Name of publisher, distributor, etc. | United States |
| Date of publication, distribution, etc. | 1998 |
| 300 ## - PHYSICAL DESCRIPTION | |
| Extent | xv,431p |
| 942 ## - ADDED ENTRY ELEMENTS (KOHA) | |
| Source of classification or shelving scheme | Library of Congress Classification |
| Koha item type | Books |
| Suppress in OPAC | No |
| 999 ## - | |
| -- | 6909 |
| -- | 6909 |
| Withdrawn status | Lost status | Source of classification or shelving scheme | Damaged status | Not for loan | Collection | Home library | Current library | Shelving location | Date acquired | Total checkouts | Full call number | Barcode | Date last seen | Copy number | Price effective from | Koha item type |
|---|---|---|---|---|---|---|---|---|---|---|---|---|---|---|---|---|
| Library of Congress Classification | Non-fiction | Graduate Library (Christ Temple) | Graduate Library (Christ Temple) | General stacks | 07/10/2025 | HD 9685.U5S7 STU | GSCT00001779 | 07/10/2025 | 1 | 07/10/2025 | Books | |||||
| Library of Congress Classification | Non-fiction | Graduate Library (Christ Temple) | Graduate Library (Christ Temple) | General stacks | 07/10/2025 | HD 9685.U5S7 STU | GSCT00001780 | 07/10/2025 | 2 | 07/10/2025 | Books |